Tiếng Khmer (Lớp 12)

Sparad:
Bibliografiska uppgifter
Materialtyp: Bok
Språk:Undetermined
Publicerad: H.
Taggar: Lägg till en tagg
Inga taggar, Lägg till första taggen!
Thư viện lưu trữ: Trung tâm Học liệu Trường Đại học Cần Thơ
LEADER 00316nam a2200121Ia 4500
001 CTU_151683
008 210402s9999 xx 000 0 und d
020 |c 40000 
082 |a 495.932 
082 |b T306 
245 0 |a Tiếng Khmer (Lớp 12) 
260 |a H. 
980 |a Trung tâm Học liệu Trường Đại học Cần Thơ